| 000 | 00000nas 2200000za 4500 |
| 001 | 9.843338 |
| 003 | CaOODSP |
| 005 | 20221107152512 |
| 007 | cr ||||||||||| |
| 008 | 170911d19811987oncgr p oss f0###a0eng|d |
| 022 | |y0713-9349 |
| 040 | |aCaOODSP|beng |
| 041 | |aeng|afre |
| 043 | |an-cn--- |
| 086 | 1 |aCS12-205-PDF |
| 245 | 00|aIndex to the Inventory of Statistics Canada questionnaires on microfiche |h[electronic resource] = |bIndex du Répertoire des questionnaires de Statistique Canada sur microfiches. |
| 246 | 11|aIndex du Répertoire des questionnaires de Statistique Canada sur microfiches |
| 246 | 18|aQuestionnaire inventory |
| 246 | 18|aRépertoire des questionnaires |
| 260 | |aOttawa : |bStatistics Canada, Standards Division = Statistique Canada, Division des normes, |c1982-1988. |
| 310 | |aBiennial |
| 362 | 0 |a1981-1987. |
| 500 | |aDigitized edition from print [produced by Statistics Canada]. |
| 520 | |a"The Inventory of Statistics Canada Questionnaires ... is a two-part publication consisting of a set of approximately two hundred microfiche plus this Index which provides access to the microfiche"--Introduction, 1981. |
| 546 | |aText in English and French. |
| 692 | 07|2gccst|aStatistics |
| 710 | 1 |aCanada. |bStatistics Canada. |bStandards Division. |
| 780 | 00|tIndex to Statistics Canada questionnaires |w(CaOODSP)9.843097 |
| 785 | 00|tIndex to Statistics Canada surveys and questionnaires |w(CaOODSP)9.843326 |
| 792 | |tIndex to the Inventory of Statistics Canada questionnaires on microfiche |efre|w(CaOODSP)9.843340 |
| 986 | |a12-205S |